00355 a2200133 4500001000700000020001800007040001100025100002100036240007000057245006500127300000700192362000900199440001300208186546 a85-262-3183-9 cMagnum aCompany, Mercè10aAs sobrinhas da bruxa Onilda (as trigêmeas) e o barba azullpor10aAs sobrinhas da bruxa Onilda (as trigêmeas) e o barba azul a310 a1997 1aScipione